MDQL
is popping MORE tags! Check the
thread
!
Quizzes
Events
Quiz Creation
Community
Videos
Private Events
Remove Ads
Sign In
Join for FREE
Feedback
Dark Mode
Quiz Categories
Sports
Geography
Music
Movies
Television
Just For Fun
Miscellaneous
History
Literature
Language
Science
Gaming
Entertainment
Religion
Holiday
For Kids
Quiz Lab
Recent
Popular Today
Quiz Kudos Today
Editor Picks
Curator Picks
Quizzes by...
Day
Popularity
Type
Ratings
Length
Year
Community
Subscriptions
Recent Discussions
Orange Saloon
Badges
Playlists
Quests
Create
Leaderboards
Showdown
Live 5
Trivia Bingo
Activity
Puzzle Library
Sporcle Events
Private Events
Virtual Trivia
Globe League
Become a Host
Pub Owners
SporcleCon
Opinionation
Our Games
Videos
Blog
Mobile Apps
Partnerships
Remove Ads and Go Orange
Feedback
Entertainment
Celebrity
Famous
Musical
Broadway
Show
Quote
Comic Books
Anime
Superhero
DC Comics
Marvel
Cartoons
Animation
Entertainment
Celebrity
Famous
Musical
Broadway
Show
Quote
Comic Books
Anime
Superhero
DC Comics
Marvel
Cartoons
Animation
Random Quiz
Search Sporcle
×
Quiz Lab
Quiz Lab
Entertainment
Supernatural Characters
Type in answers that appear in a list
Type in answers that appear in a list
Classic
Best Score? Go Orange.
Supernatural: Garth Fitzgerald Character Profile Stats
Can you answer the questions about Garth Fitzgerald from Supernatural?
By
MI1977
10m
13 Questions
215 Plays
215 Plays
215 Plays
Comments
Comments
Give Quiz Kudos
Give Quiz Kudos
-
- Ratings
hide this ad
Replay
Link that replays current quiz
Next Quiz
Link to next quiz in quiz playlist
You Got
0%
They Got
Avg Score
55%
Avg Friend Score
Upgrade to see
Score Distribution
Jump to the score distribution portion of the page
Score
0/13
Timer
10:00
0
Plays Today
Hint
Answer
% Correct
In episode 9:12, 'Sharp Teeth,' Sam and Dean learn that Garth has been turned into a _
_
_
and is also married to one.
werewolf
91.1%
In episode 8:06, 'Southern Comfort,' Sam and Dean learn that Garth has taken over _
_
_
's role,
Bobby
90.2%
In episode 7:08, 'Season Seven, Time for a Wedding!', Dean calls Garth for help on a case because Sam is working with his new wife, _
_
_
.
Becky
89.7%
and worked as a _
_
_
.
Dentist
67.8%
He became a hunter after his first case, in which he killed the _
_
_
_
_
_
. (2 words)
Tooth Fairy
66.4%
He works with a sock puppet named _
_
_
_
_
_
, who helps kids talk about their feelings. (2 words)
Mr. Fizzles
64.5%
Before becoming a hunter, Garth Fitzgerald went to _
_
_
school
dental
50.9%
Garth Fitzgerald is played by actor _
_
_
_
_
_
. (2 words)
DJ Qualls
48.6%
but discovers that they are really hunting a _
_
_
.
shojo
43.5%
He has a safe _
_
_
,
houseboat
43%
In episode 7:18, 'Party On, Garth,' he burns the remains of _
_
_
_
_
, (2 words)
Jenny Greentree
27.1%
named _
_
_
_
_
_
, where Kevin Tran stayed while translating the tablets. (2 words)
Fizzles' Folly
25.7%
and are annoyed to find that he's been wearing his _
_
_
.
hats
16.8%
Quiz Playlist
Details
Report
Send in Message
Add To Playlist
Classic:
Type in answers that appear in a list
Last Updated: Feb 16, 2017
Quiz Scoreboard
CHALLENGE
Sign Up to Join the Scoreboard
Show All
Scores
Hide
Comments
May contain spoilers
Recently Published
5x2 Blitz: Bands
by SL_Kpop136
Music
30s
Colored Red Africa Blitz
by spor1
Geography
30s
Find the 'City' Movie
by crazypaving
Movies
60s
More to Explore
Quiz From the Vault
Featured Blog Post
14 Easter Pick-up Lines to Find Eggs With
hide this ad
You Might Also Like...
Tags
CW Supernatural
Supernatural
Supernatural Cast
Supernatural Characters
Supernatural Episodes
Today's Top Quizzes in Entertainment
Browse Entertainment
hide this ad
Today's Top Quizzes in Supernatural Characters
Browse Supernatural Characters
Top Contributed Quizzes in Entertainment
1
Dragon Ball Z: Goku's Fights in Order
2
Marvel Classic Character Map
3
Marvel Characters Bunker
4
JoJo's Bizarre Logic Quiz
5
This is Your Life: Edward Elric
6
BOYS PLANET Quiz
7
Celebrity Spelling Bee
8
This is Your Life: Itachi Uchiha
9
One Piece Heroines Chapter Cover
10
Survivor Winners Logic Quiz
Explore More
Trending Topics
Disney
Crossword
NBA
Kpop
Anime
Harry Potter
Marvel
Song
NFL
WWE
Puzzle
The Office
Country
Soccer
Pokémon
hide this ad
More By:
MI1977
Quiz
Plays
Rating
Category
Featured
Created
Supernatural: Crowley Character Profile
815
4.00
Entertainment
Jun 17, 2016
Supernatural: Bobby Singer Character Profile
543
5.00
Entertainment
May 18, 2016
Supernatural: Charlie Bradbury Character Profile
424
5.00
Entertainment
May 11, 2016
Supernatural: Jody Mills Character Profile
269
4.00
Entertainment
May 19, 2016
Supernatural: Kevin Tran Character Profile
251
Entertainment
May 18, 2016
Go to Creator's Profile
Score Distribution
Quiz Creator Spotlight
MI1977
Follow
Send a Message
Quizzes Created
-
Created Quiz Play Count
-
More By This Creator
Popular Quizzes Today
1
Colored Red Africa Blitz
2
Find the 'City' Movie
3
Find the US States - No Outlines Minefield
4
5x2 Blitz: Bands
5
The Countries of the World
6
Find the US States
7
US States
8
Find the Countries of Europe - No Outlines Minefield
More Entertainment Quizzes
Who's That With John Wayne?
Curator's Pick
Trending Quizzes
Colored Red Europe Blitz I
Colored Red Africa Blitz II
Colored Red Europe Blitz II
Colored Red Europe Blitz III
Colored Red Africa Blitz III
Recently Updated
How Do You Spell That?
pecheneg
Godzilla Movies
pecheneg
Grab Bag: 4-10 Letters
pecheneg
2024 March Madness Bracket
pecheneg
Famous TV Couples
Peacemaker
Champions League XIs: Real Madrid
pecheneg
Largest US Cities 1790-2010
pecheneg
Rides in Walt Disney World
pecheneg
Most Oscar Losses (Acting)
pecheneg
Beyoncé Albums
pecheneg
Trending Topics
Kpop
Disney
Crossword
Marvel
Anime
Harry Potter
NBA
NFL
Song
Puzzle
The Office
Soccer
WWE
Country
Pokémon
Your Account Isn't Verified!
In order to create a playlist on Sporcle, you need to verify the email address you used during registration. Go to your
Sporcle Settings
to finish the process.
Report this User
Report this user for behavior that violates our
Community Guidelines
.
Details:
Send Report
Go to the Sporcle.com Mobile Site →
Comments